| 000 | 00624nam a2200217Ia 4500 | ||
|---|---|---|---|
| 003 | OSt | ||
| 005 | 20241129143826.0 | ||
| 008 | 210716s1979 xx 000 0 und d | ||
| 020 | _a0671248510 | ||
| 040 | _cAIMIT LIBRARY | ||
| 041 | _aeng | ||
| 082 |
_a808.83 _21 _bCASC |
||
| 100 |
_aCastaneda, Carlos. _9187263 |
||
| 245 |
_aSecond ring of power / _cBy Carlos Castaneda. |
||
| 250 | _a1st ed. | ||
| 260 |
_aNew York : _bSimon & Schuster ; _c1979. |
||
| 300 |
_a316p. ; _bPB _c20 cm. |
||
| 650 |
_aTransformation of dona soledad _9187264 |
||
| 650 |
_aArt of dreaming _9187265 |
||
| 942 |
_2ddc _cBK _e1st ed. _k808.83 CASC |
||
| 999 |
_c200159 _d200159 |
||